Statistics for Fontaines D.C Discography

Click here to take the quiz!

General Stats

  • This quiz has been taken 22 times
  • The average score is 24 of 40

Answer Stats

HintAnswer% Correct
Roman Holiday
94%
Skinty Fia
94%
A Hero's Death
89%
DogrelBig
89%
I Love You
89%
Liberty Belle
89%
Nabokov
89%
The Couple Across the Way
83%
Boys in the Better Land
78%
Jackie Down the Line
78%
Big Shot
72%
Cello Song
72%
Sha Sha Sha
72%
Hurricane Laughter
67%
Skinty FiaIn ár gcroíthe go deo
67%
Rocket to Russia
67%
Roy's Tune
67%
Televised Mind
67%
A Lucid Dream
61%
Dublin City Sky
61%
No
61%
Bloomsday
56%
A Hero's DeathI Don't Belong
56%
Sunny
56%
The Lotts
56%
How Cold Love Is
50%
Oh Such a Spring
50%
Too Real
50%
You Said
50%
Chequeless Reckless
44%
I Was Not Born
44%
Living in America
44%
B-Sides/CoversWinter in The Sun
44%
Television Screen
39%
Twinkle
39%
One
33%
The Cuckoo-Is-A-Callin
33%
Love is the Main Thing
28%
A Lucid Dreamer
22%
The Black Angel's Death Song
11%

Score Distribution

Percentile by Number Answered

Percent of People with Each Score

Your Score History

You have not taken this quiz